000 00692cab a2200217 4500
001 T0019879
008 090401t1991 xxu||||| |||| 00| 0 eng d
035 _a(Sirsi) u51116
041 _aeng
245 _aHouse price error for council tax
260 _c1991
350 _a0
490 _aTimes
_v3/9/91 p3
520 _aGovernment estimates for the council tax placing average house prices in band D are challenged by figures from the building societies, a discrepancy which may lead to bills being higher than predicted.
650 _aHALIFAX
650 _aNATIONWIDE ANGLIA
650 _aValuation
_96273
690 _aRATING AND VALUATION
942 _n0
948 _c04/03/1997
999 _c31875
_d31875